000 01359nam a2200325Ia 4500
001 ebr10174027
003 CaPaEBR
006 m u
007 cr cn|||||||||
008 051228s2005 njuacb sb 001 0 eng d
020 _z9812564934
040 _aCaPaEBR
_cCaPaEBR
035 _a(OCoLC)232160001
050 1 4 _aQA76.9.D343
_bF54 2005eb
245 0 0 _aFighting terror in cyberspace
_h[electronic resource] /
_ceditors Mark Last, Abraham Kandel.
260 _aNew Jersey ;
_aLondon :
_bWorld Scientific,
_cc2005.
300 _axv, 167 p. :
_bill., maps.
490 1 _aSeries in machine perception and artificial intelligence ;
_vv. 65
504 _aIncludes bibliographical references and index.
533 _aElectronic reproduction.
_bPalo Alto, Calif. :
_cebrary,
_d2009.
_nAvailable via World Wide Web.
_nAccess may be limited to ebrary affiliated libraries.
650 0 _aTerrorism
_xComputer network resources.
650 0 _aTerrorism
_xPrevention.
650 0 _aCyberterrorism
_xPrevention.
655 7 _aElectronic books.
_2local
700 1 _aLast, Mark.
700 1 _aKandel, Abraham.
710 2 _aebrary, Inc.
830 0 _aSeries in machine perception and artificial intelligence ;
_vv. 65.
856 4 0 _uhttp://site.ebrary.com/lib/rucke/Doc?id=10174027
_zAn electronic book accessible through the World Wide Web; click to view
999 _c248515
_d248515